| 000 | 01833cab a2200181 4500 | ||
|---|---|---|---|
| 001 | ##L131989 | ||
| 008 | 051220n2005 000 0 eng u | ||
| 035 | _a(Sirsi) u131989 | ||
| 041 | 0 | _aeng | |
| 245 | 0 | 0 | _aOstensible authority |
| 260 | _c2005 | ||
| 490 | 0 |
_aConstruction Industry Law Letter _vDecember 2005 - January 2006, 2285-2288(4) |
|
| 520 | _aConsiders "GPN Ltd (in receivership) v O2 (UK) Ltd" ([2004] EWHC 2494 (TCC), 22 October 2004). O wished to negotiate with G in connection with the use of G3 technology at approximately 1900 of O's sites. A number of meetings took place between G and O's quantity surveyors, M, in connection with the terms of the proposed contract; on some occasions M agreed terms without referring back to O, although on others M did refer back for instructions. In February 2002, the only outstanding matter related to the exact number of sites in the project. G contended that this was agreed orally with M, thus completing the contract. Upon dispute as to G's entitlement to payment, the matter was referred to an adjudicator who made an award in G's favour, which G sought to enforce. O contended that M had had no authority to conclude a contract on its behalf. G argued that by its conduct, O had represented that M both had authority to act on O's behalf and specifically to bind O in relation to the contract. "Held' G had been unable to demonstrate the clear evidence necessary to rebut the presumption that M, as professional quantity surveyors, did not have ostensible authority to conclude a contract on behalf of O. | ||
| 590 | _aIKA030106 | ||
| 650 | 2 | 4 | _aGPN LTD (IN RECEIVERSHIP) V O2 (UK) LTD |
| 690 | _aMANAGEMENT-DISPUTE AVOIDANCE, MANAGEMENT AND RESOLUTION-DISPUTE MANAGEMENT AND RESOLUTION-ALTERNATIVE DISPUTE RESOLUTION-ADJUDICATION-ADJUDICATION AWARDS | ||
| 942 | _n0 | ||
| 999 |
_c76303 _d76303 |
||